Та, которой не стало: роман

التفاصيل البيبلوغرافية
المؤلف الرئيسي: Буало П. Пьер
مؤلفون آخرون: Нарсежак Т. Тома (переводчик), Завьялова Л.
الملخص:Исключено из фонда НТБ ТПУ
اللغة:الروسية
منشور في: Ленинград, Лениздат, 1991
الطبعة:переиздание
سلاسل:Детектив. Приключения
التنسيق: MixedMaterials كتاب
KOHA link:https://koha.lib.tpu.ru/cgi-bin/koha/opac-detail.pl?biblionumber=159048

MARC

LEADER 00000nam0a2200000 4500
001 159048
005 20231031154908.0
010 |a 5289013679 
020 |a RU  |b 91-30198 
035 |a (RuTPU)RU\TPU\book\172495 
090 |a 159048 
100 |a 20090504d1991 e y0rusy5003 ca 
101 1 |a rus  |c fre 
102 |a RU 
105 |a y z 000zy 
200 1 |a Та, которой не стало  |e роман  |f П. Буало, Т. Нарсежак  |g пер. с фр. Л. Завьялова 
205 |a переиздание 
210 |a Ленинград  |c Лениздат  |d 1991 
215 |a 91,[1] с.  |d 20 см 
225 1 |a Детектив. Приключения 
333 |a Исключено из фонда НТБ ТПУ 
700 1 |a Буало  |b П.  |g Пьер  |4 070 
701 1 |a Нарсежак  |b Т.  |g Тома  |4 070 
702 1 |a Завьялова  |b Л.  |4 730 
801 0 |a RU  |b RuMRKP  |c 19950417  |g psbo 
801 1 |a RU  |b 63413507  |c 20090504  |g PSBO 
801 2 |a RU  |b 63413507  |c 20170905  |g PSBO 
942 |c BK